Schaum’s outline of pediatric nursing / (Record no. 17488)
[ view plain ]
| 000 -LEADER | |
|---|---|
| fixed length control field | 02062cam a22002898a 4500 |
| 001 - CONTROL NUMBER | |
| control field | 16143957 |
| 005 - DATE AND TIME OF LATEST TRANSACTION | |
| control field | 20160926114059.0 |
| 008 - FIXED-LENGTH DATA ELEMENTS--GENERAL INFORMATION | |
| fixed length control field | 100317s2011 nyu 001 0 eng |
| 020 ## - INTERNATIONAL STANDARD BOOK NUMBER | |
| International Standard Book Number | 9780071623865 |
| 020 ## - INTERNATIONAL STANDARD BOOK NUMBER | |
| International Standard Book Number | 0071623868 |
| 082 00 - DEWEY DECIMAL CLASSIFICATION NUMBER | |
| Classification number | 618.9200231 |
| Edition number | 22 |
| Item number | CAN |
| 100 1# - MAIN ENTRY--PERSONAL NAME | |
| Personal name | Cantrell, Mary Ann. |
| 9 (RLIN) | 33291 |
| 245 10 - TITLE STATEMENT | |
| Title | Schaum’s outline of pediatric nursing / |
| Statement of responsibility, etc | Mary Ann Cantrell. |
| 246 13 - VARYING FORM OF TITLE | |
| Title proper/short title | Outline of pediatric nursing |
| 260 ## - PUBLICATION, DISTRIBUTION, ETC. (IMPRINT) | |
| Place of publication, distribution, etc | New York : |
| Name of publisher, distributor, etc | McGraw-Hill, |
| Date of publication, distribution, etc | c2011. |
| 263 ## - PROJECTED PUBLICATION DATE | |
| Projected publication date | 1008 |
| 300 ## - PHYSICAL DESCRIPTION | |
| Extent | 249 p. ; |
| Dimensions | 30 cm. |
| 490 1# - Series Statement | |
| Series statement | Schaum's outline series |
| 500 ## - GENERAL NOTE | |
| General note | Includes index. |
| 505 0# - FORMATTED CONTENTS NOTE | |
| Formatted contents note | Growth and development across the pediatric-age spectrum -- Nursing care interventions for the hospitalized child and family -- Nursing care interventions for common alterations in pediatric respiratory functioning -- Nursing care interventions for common alterations in pediatric hematological and immune functioning -- Nursing care interventions for common cancers in children and adolescents -- Nursing care interventions for common alterations in pediatric musculoskeletal functioning -- Nursing care interventions for common alterations in pediatric neurological functioning -- Nursing care interventions for common alterations in pediatric neuromuscular functioning -- Nursing care interventions for common alterations in pediatric fluid and electrolyte balance and urinary and renal functioning -- Nursing care interventions for common alterations in pediatric endocrine functioning -- Nursing care interventions for common alterations in pediatric cardiac functioning -- Nursing care interventions for common alterations in pediatric gastrointestinal and genitourinary functioning -- Nursing care interventions for common alterations in pediatric cognitive functioning. |
| 650 #0 - SUBJECT ADDED ENTRY--TOPICAL TERM | |
| Topical term or geographic name as entry element | Pediatric nursing |
| Form subdivision | Outlines, syllabi, etc. |
| 9 (RLIN) | 33292 |
| Source of heading or term | BUEsh |
| 650 12 - SUBJECT ADDED ENTRY--TOPICAL TERM | |
| Topical term or geographic name as entry element | Pediatric Nursing |
| Form subdivision | Examination Questions. |
| 9 (RLIN) | 33293 |
| Source of heading or term | BUEsh |
| 650 12 - SUBJECT ADDED ENTRY--TOPICAL TERM | |
| Topical term or geographic name as entry element | Pediatric Nursing |
| Form subdivision | Outlines. |
| 9 (RLIN) | 33294 |
| Source of heading or term | BUEsh |
| 651 ## - SUBJECT ADDED ENTRY--GEOGRAPHIC NAME | |
| Source of heading or term | BUEsh |
| 653 ## - INDEX TERM--UNCONTROLLED | |
| Arrived date list | May2013 |
| 942 ## - ADDED ENTRY ELEMENTS (KOHA) | |
| Source of classification or shelving scheme | Dewey Decimal Classification |
| Item type | |
| Withdrawn status | Item status | Source of classification or shelving scheme | Damaged status | Not for loan | Vendor | Home library | Current library | Shelving location | Date acquired | Source of acquisition | Cost, normal purchase price | Serial Enumeration / chronology | Total Checkouts | Total Renewals | Full call number | Barcode | Checked out | Date last seen | Date last borrowed | Cost, replacement price | Koha item type |
|---|---|---|---|---|---|---|---|---|---|---|---|---|---|---|---|---|---|---|---|---|---|
| Dewey Decimal Classification | Baccah | Central Library | Central Library | First floor | 29/05/2013 | 162.00 | 17806 | 2 | 46 | 618.9200231 CAN | 000028761 | 02/02/2023 | 10/05/2017 | 10/05/2017 | 203.00 | Book - Borrowing |